000 00768cab a2200241 4500
001 WB3431-32
008 090401t1998 xxu||||| |||| 00| 0 eng d
035 _a(Sirsi) u87960
041 _aeng
245 _aCost of contamination
260 _c1998
350 _a0
490 _aEstates Gazette
_v(9823) 8 August 1998, 87(1)
520 _aThe CA has upheld the ruling on contamination liability in "Blue Circle Industries plc v MoD" [1996] EGCS 190, but has modified the way that damages have been assessed [1998] EGCS 93.
650 _aBLUE CIRCLE INDUSTRIES PLC V MOD
650 _aCOMPENSATION
650 _aCONTAMINATED LAND
650 _aDAMAGES
650 _aLIABILITY
690 _aPROPERTY LAW AND PRACTICE
942 _n0
948 _c12/08/1998
999 _c55518
_d55518